| 000 | 00374nam a2200145Ia 4500 | ||
|---|---|---|---|
| 008 | 240624s9999 xx 000 0 und d | ||
| 041 | _aeng | ||
| 082 | _a330 GUE | ||
| 100 | _aGUELL ROBERT C | ||
| 245 | _aISSUES IN ECONOMICS TODAY | ||
| 250 | _a(7th ed.) | ||
| 260 |
_c2012 _aNew York _bMagraw - Hill Education |
||
| 300 | _axxvii, : 478 : p.: : 25 : cm. | ||
| 365 |
_c _b27 |
||
| 999 |
_c22973 _d22973 |
||